Discover our culture : Barcelona is much more / Barcelona is much more /
Descripción Física:
31 pàgines : il·lustracions ; 24 cm
Otros Autores:
Guillén, Antonio
Idioma:
English
MARC
| LEADER | 00000nam a22000007a 4500 | ||
|---|---|---|---|
| 001 | 25861 | ||
| 008 | 220610b spa||||| |||| 00| 0 eng d | ||
| 017 | |a DL B 16929-2018 | ||
| 080 | |a FU-70-36 | ||
| 245 | |a Discover our culture : |b Barcelona is much more / |c photos: Antonio Guillén [i 33 més] | ||
| 260 | |a Barcelona : |b Barcelona is mucho more ; |b Diputació de Barcelona, |c 2018 | ||
| 300 | |a 31 pàgines : |b il·lustracions ; |c 24 cm | ||
| 650 | 0 | |a Cultura i lleure |z Barcelona (Província) |9 52671 | |
| 651 | 0 | |9 52676 |a Barcelona (Catalunya : Província) |v Guies | |
| 700 | |9 53373 |a Guillén, Antonio |e fotografies | ||
| 710 | 2 | |9 51685 |a Barcelona is Much more |e Marca turística | |
| 710 | 1 | |a Barcelona (Catalunya : Província). |b Diputació |9 52408 | |
| 942 | |2 udc |c ARXIU |n 1 | ||
| 952 | |0 0 |1 0 |4 0 |6 FU7036 |7 1 |9 62320 |a Arxiu |b Arxiu |d 2022-06-10 |l 0 |o FU-70-36 |p 25861 |r 2022-06-10 00:00:00 |w 2022-06-10 |y ARXIU | ||
| 999 | |c 81982 |d 81982 | ||